Statystyki dla Polscy medaliści w Indywidualnych Mistrzostwach Świata na żużlu

Kliknij tutaj aby rozwiązać quiz!

Ogólne statystyki

  • Ten quiz został rozwiązany 123 razy
  • Średni wynik to 7 z 10

Statystyki odpowiedzi

Złote medaleSrebne medaleBrązowe medaleZawodnik% Poprawnych
1 (2010)2 (1999, 2009)4 (1997-1998, 2001, 2008)Tomasz Gollob
100%
2 (2019-2020)2 (2018, 2021)1 (2016)Bartosz Zmarzlik
99%
-2 (2010, 2013)1 (2011)Jarosław Hampel
85%
-1 (2017)-Patryk Dudek
77%
1 (1973)--Jerzy Szczakiel
75%
-1 (2014)-Krzysztof Kasprzak
73%
--1 (1968)Edward Jancarz
50%
-1 (1979)1 (1973)Zenon Plech
47%
--2 (1966, 1970)Antoni Woryna
44%
-1 (1970)-Paweł Waloszek
17%

Rozkład punktacji

Percentyl według liczby udzielonych odpowiedzi

Procent ludzi z każdym wynikiem

Twoja historia wyników

Nie rozwiązałeś tego quizu